000 00403nam a2200157Ia 4500
008 140316s9999 xx 000 0 und d
020 _a81 7023 057 8
082 _a635.9
_bRAN/FL
100 _aRandhava, G S
245 _aFloriculture in India
260 _aNew Delhi
_bAllied publishers pvt .ltd
_c1986
300 _a656
650 _aGardening
700 _aAmithaba Mukhopadhyay
942 _2ddc
_cBK
999 _c3042
_d3042